Tracers in the sea

Kaydedildi:
Detaylı Bibliyografya
Asıl Yazarlar: Broecker, Wallace Smith (Yazar), Peng, Tsung-Hung (Yazar)
Materyal Türü: Kitap
Dil:İngilizce
Baskı/Yayın Bilgisi: Nueva York Lamont-Doherty Geological Observatory 1982
Konular:
Etiketler: Etiketle
Etiket eklenmemiş, İlk siz ekleyin!

MARC

LEADER 00000nam a2200000 a 4500
001 UCV5317
003 CL-VaPUC
008 930304e19820000US |||||||||||||||||eng|d
082 0 4 |a 551.4602  |b BRO  |2 21 
100 0 |a Broecker, Wallace Smith  |e author  |9 299640 
700 0 |a Peng, Tsung-Hung  |e author  |9 299641 
245 1 0 |a Tracers in the sea 
300 |a 690 p 
942 |c BK 
945 |d 19930304 00:00:00 
260 |a Nueva York  |b Lamont-Doherty Geological Observatory  |c 1982 
650 7 |a TRAZADORES RADIACTIVOS EN OCEANOGRAFIA  |2 CL-VaPUC  |9 262042 
583 |a last modification  |c 20120511 11:00:18  |k Rodrigo Vera 
999 |c 211874  |d 211872 
952 |0 0  |1 0  |2 ddc  |4 0  |6 551_460200000000000_BRO_1982  |7 0  |8 P  |9 191890  |a BIBCUR  |b BIBCUR  |c PAC  |d 2019-11-14  |i 4285743  |o 551.4602 BRO 1982  |p 4285743  |r 2025-04-22  |w 2019-11-14  |y BK  |k CIM